| 000 | 00365nam a22001457a 4500 | ||
|---|---|---|---|
| 003 | OSt | ||
| 005 | 20211229150251.0 | ||
| 008 | 211229b |||||||| |||| 00| 0 eng d | ||
| 020 | _a9788126556182 | ||
| 040 | _cHU | ||
| 082 | _a005.453 | ||
| 100 |
_aDos Reis Anthony j _926121 |
||
| 245 | _aCompiler Construction Using Java ,Java CC and Yacc | ||
| 942 |
_2ddc _cBOOKS _n0 |
||
| 999 |
_c25045 _d25045 |
||